| 000 | 00556nam a2200181Ia 4500 | ||
|---|---|---|---|
| 008 | 240729s9999 xx 000 0 und d | ||
| 022 | _a2233-6087 | ||
| 245 | 0 | _aDiabetes & Metabolism Journal | |
| 260 | _aKorea, Republic of | ||
| 260 | _bKorean Diabetes Association | ||
| 650 | _a Diseases of the endocrine glands. Clinical endocrinology | ||
| 650 | _a Internal medicine | ||
| 650 | _a Specialties of internal medicine | ||
| 650 | _aMedicine | ||
| 856 | _uhttps://doaj.org/toc/eb8acfc6ca714d509588cae9b949d598 | ||
| 942 | _2ddc | ||
| 942 | _cDOAJEJ | ||
| 999 |
_c65914 _d65914 |
||
| 945 |
_a1 _bMadushi Gamage _c1 _dMadushi Gamage |
||